Физика конденсированного состояния: учебное пособие для вузов

Λεπτομέρειες βιβλιογραφικής εγγραφής
Κύριος συγγραφέας: Байков Ю. А. Юрий Алексеевич
Άλλοι συγγραφείς: Кузнецов В. М. Вадим Михайлович
Περίληψη:В учебном пособии помимо традиционно сложившихся разделов физики твердого тела отражены некоторые современные направления науки, такие как физика фотонных кристаллов, наномасштабная физика, фрактальные представления о структуре кристаллических тел. Теоретический материал каждой главы книги дополнен задачами с решениями. Для студентов и аспирантов высших технических учебных заведений, а также преподавателей физики и других естественно-научных дисциплин в технических вузах.
Γλώσσα:Ρωσικά
Έκδοση: Москва, БИНОМ. Лаборатория знаний, 2011
Σειρά:Учебник для высшей школы
Θέματα:
Μορφή: Βιβλίο
KOHA link:https://koha.lib.tpu.ru/cgi-bin/koha/opac-detail.pl?biblionumber=197422

MARC

LEADER 00000nam0a2200000 4500
001 197422
005 20231101224744.0
010 |a 9785996302901 
035 |a (RuTPU)RU\TPU\book\215351 
090 |a 197422 
100 |a 20110610d2011 m y0rusy50 ca 
101 0 |a rus 
102 |a RU 
105 |a a j 001zy 
200 1 |a Физика конденсированного состояния  |e учебное пособие для вузов  |f Ю. А. Байков, В. М. Кузнецов 
210 |a Москва  |c БИНОМ. Лаборатория знаний  |d 2011 
215 |a 293 с.  |c ил. 
225 1 |a Учебник для высшей школы 
320 |a Библиогр.: с. 288-293. 
330 |a В учебном пособии помимо традиционно сложившихся разделов физики твердого тела отражены некоторые современные направления науки, такие как физика фотонных кристаллов, наномасштабная физика, фрактальные представления о структуре кристаллических тел. Теоретический материал каждой главы книги дополнен задачами с решениями. Для студентов и аспирантов высших технических учебных заведений, а также преподавателей физики и других естественно-научных дисциплин в технических вузах. 
606 1 |a Конденсированного состояния теория  |2 stltpush  |3 (RuTPU)RU\TPU\subj\66345  |9 82523 
610 1 |a конденсированное состояние 
610 1 |a физика 
610 1 |a учебные пособия 
610 1 |a твердые тела 
610 1 |a кристаллография 
610 1 |a физическая статистика 
610 1 |a кристаллическая решетка 
610 1 |a тепловые свойства 
610 1 |a электрические свойства 
610 1 |a магнитные свойства 
610 1 |a кристаллы 
675 |a 538.9(075.8)  |v 3 
700 1 |a Байков  |b Ю. А.  |g Юрий Алексеевич 
701 1 |a Кузнецов  |b В. М.  |g Вадим Михайлович 
801 1 |a RU  |b 63413507  |c 20110610 
801 2 |a RU  |b 63413507  |c 20150520  |g RCR 
900 |a Физика конденсированного состояния вещества 
942 |c BK 
959 |a 60/20110607  |d 5  |e 0,00  |f ЧЗТЛ:1  |f АНЛ:1  |f УФ:3